[Event "SUI-ch U10"]
[Site "Kreuzlingen"]
[Date "2016.07.03"]
[Round "7.4"]
[White "Zweifel, Gavin"]
[Black "Doetsch-Thaler, Nicos"]
[Result "1-0"]
[WhiteElo "1573"]
[BlackElo "1460"]
[PlyCount "37"]
[EventDate "2016.??.??"]

1. e4 e5 2. Nf3 Nc6 3. Bc4 Bc5 4. c3 Nf6 5. d4 exd4 6. e5 Ng8 7. cxd4 Bb4+ 8.
Nc3 Nge7 9. a3 Ba5 10. d5 Nb8 11. d6 Ng6 12. O-O Nc6 13. Bg5 f6 14. Qd5 Ngxe5
15. Nxe5 Nxe5 16. Rfe1 Rf8 17. Rxe5+ fxe5 18. Qxe5+ Qe7 19. Qxe7# 1-0

[Event "SUI-ch U12"]
[Site "Kreuzlingen"]
[Date "2016.06.30"]
[Round "1.1"]
[White "Fecker, Noah"]
[Black "Kostina, Veronika"]
[Result "1-0"]
[WhiteElo "1976"]
[BlackElo "1635"]
[PlyCount "93"]
[EventDate "2016.??.??"]

1. e4 c5 2. Nf3 e6 3. d4 cxd4 4. Nxd4 Nf6 5. Nc3 Nc6 6. Nxc6 bxc6 7. e5 Nd5 8.
Ne4 Ba6 9. Bxa6 Qa5+ 10. Bd2 Qxa6 11. b3 Be7 12. c4 Nb6 13. Qg4 Rg8 14. Qf3 Rf8
15. Qg3 g6 16. Bg5 Qa5+ 17. Kf1 Qa3 18. Rd1 Nc8 19. Bxe7 Qxe7 20. Nf6+ Kd8 21.
Rxd7+ Qxd7 22. Nxd7 Kxd7 23. Ke2 Nb6 24. Rd1+ Kc7 25. Qh4 Rad8 26. Qe7+ Nd7 27.
Rxd7+ Rxd7 28. Qxf8 h5 29. Ke3 Kb6 30. Qb8+ Rb7 31. Qd6 a6 32. Kd4 Rc7 33. b4
Kb7 34. Kc5 Rc8 35. Qe7+ Rc7 36. Qe8 Ka7 37. Qxc6 Rxc6+ 38. Kxc6 g5 39. Kd7 Kb6
40. c5+ Kb5 41. c6 Kxb4 42. c7 a5 43. c8=Q a4 44. Qc2 a3 45. Kc6 h4 46. Qb3+
Ka5 47. Qb5# 1-0

[Event "SUI-ch U12"]
[Site "Kreuzlingen"]
[Date "2016.06.30"]
[Round "1.2"]
[White "Peter, Yul"]
[Black "Schlegel, Igor"]
[Result "0-1"]
[WhiteElo "1606"]
[BlackElo "1830"]
[PlyCount "60"]
[EventDate "2016.??.??"]

1. e4 e5 2. Bc4 Nf6 3. Nc3 Nxe4 4. Bxf7+ Kxf7 5. Nxe4 d5 6. Nc3 Kg8 7. Qh5 Nc6
8. Nf3 g6 9. Qg5 Qxg5 10. Nxg5 Nd4 11. Nxd5 Bh6 12. Nf3 Nxc2+ 13. Kd1 Nxa1 14.
Nxc7 Rb8 15. d3 Bxc1 16. Kxc1 Bf5 17. Kd2 Nc2 18. Nd5 Nd4 19. Nxe5 Kg7 20. b3
Rhe8 21. Nc4 Rbd8 22. Nc3 b5 23. Nb2 a6 24. h3 g5 25. g4 Bg6 26. Rf1 Nf3+ 27.
Kc2 Ne1+ 28. Kd2 Nxd3 29. Nxd3 Rxd3+ 30. Kc2 Rc8 0-1

[Event "SUI-ch U12"]
[Site "Kreuzlingen"]
[Date "2016.06.30"]
[Round "1.3"]
[White "Bounlom, Jannik"]
[Black "Cordey, Colin"]
[Result "0-1"]
[WhiteElo "1817"]
[BlackElo "1761"]
[PlyCount "78"]
[EventDate "2016.??.??"]

1. e4 e6 2. d4 d5 3. Nd2 Nc6 4. c3 e5 5. Bb5 dxe4 6. Bxc6+ bxc6 7. Nxe4 Qd5 8.
f3 Ba6 9. Ne2 Be7 10. N2g3 Nf6 11. b3 Rd8 12. Bb2 Qa5 13. Kf2 c5 14. Nxf6+ Bxf6
15. Qe1 O-O 16. dxe5 Bxe5 17. Ne4 Rfe8 18. Qc1 Qb6 19. Ba3 Rd5 20. Qe3 Bd6 21.
Nf6+ gxf6 22. Qxe8+ Kg7 23. Qe3 Re5 24. Qd2 Re2+ 25. Qxe2 Bxe2 26. Kxe2 Qa6+
27. Kd2 Qxa3 28. Kc2 Qa6 29. c4 Qc8 30. g4 Qb7 31. Raf1 Qb4 32. f4 Qb7 33. Kd3
Qg2 34. a3 Qb2 35. Rb1 Qd4+ 36. Kc2 Bxf4 37. Rbd1 Qe4+ 38. Kb2 Qe2+ 39. Kb1 Be5
0-1

[Event "SUI-ch U12"]
[Site "Kreuzlingen"]
[Date "2016.06.30"]
[Round "1.4"]
[White "Tschopp, Olivier"]
[Black "Tamrazyan, Gohar"]
[Result "1/2-1/2"]
[WhiteElo "1566"]
[BlackElo "1727"]
[PlyCount "91"]
[EventDate "2016.??.??"]

1. e4 e6 2. d4 d5 3. e5 c5 4. c3 Nc6 5. Nf3 Qb6 6. a3 cxd4 7. cxd4 Nge7 8. Be2
Nf5 9. Be3 Qxb2 10. Nbd2 Ncxd4 11. Bxd4 Nxd4 12. Nxd4 Qxd4 13. Nf3 Qxd1+ 14.
Bxd1 g6 15. O-O Bg7 16. Ba4+ Bd7 17. Bxd7+ Kxd7 18. Rab1 b6 19. Ng5 Ke7 20. f4
h6 21. Nf3 Rac8 22. Rfc1 g5 23. g3 gxf4 24. gxf4 Rc4 25. Rxc4 dxc4 26. Rc1 b5
27. a4 a6 28. axb5 axb5 29. Nd4 Rc8 30. Nxb5 Rc5 31. Nd6 c3 32. Kg2 h5 33. Kg3
Bh6 34. Kf3 Rxe5 35. Rxc3 Rd5 36. Ne4 Rf5 37. Kg2 Rxf4 38. Ng3 Rg4 39. Kh3 f5
40. Rc7+ Kf6 41. Nxh5+ Kg5 42. Ng3 Kf6 43. Rc6 Be3 44. Ra6 Bg5 45. Nxf5 {(=)}
Kxf5 46. Ra5+ 1/2-1/2

[Event "SUI-ch U12"]
[Site "Kreuzlingen"]
[Date "2016.06.30"]
[Round "1.5"]
[White "Binz, Lennox"]
[Black "Demiraj, Damian"]
[Result "1-0"]
[WhiteElo "1669"]
[BlackElo "1565"]
[PlyCount "109"]
[EventDate "2016.??.??"]

1. e4 e5 2. Nf3 Nc6 3. Bb5 a6 4. Ba4 Nf6 5. d3 Bc5 6. O-O d6 7. c3 b5 8. Bb3
Bg4 9. h3 Bh5 10. Re1 O-O 11. Nbd2 Ne7 12. Nf1 Re8 13. Ng3 Bg6 14. Bg5 Nh5 15.
Nf1 Nf4 16. Qd2 Bh5 17. Bxf4 Bxf3 18. gxf3 exf4 19. Qxf4 Ng6 20. Bxf7+ Kh8 21.
Bxg6 hxg6 22. d4 Bb6 23. Qg3 Rf8 24. Qxg6 Qh4 25. Qg4 g5 26. Ne3 Rf4 27. Qxh4+
Rxh4 28. Kg2 Rf8 29. Nf5 Rf4 30. Re3 d5 31. Ne7 Kg7 32. Nxd5 Rh4 33. Nxb6 cxb6
34. d5 Rfh8 35. Rh1 Kf6 36. e5+ Ke7 37. Re4 R8h6 38. Rxh4 gxh4 39. f4 Rh5 40.
Kf3 Kd7 41. Rg1 Rh7 42. Ke4 Re7 43. f5 a5 44. f6 Rf7 45. Rg7 Ke8 46. Rxf7 Kxf7
47. Kf5 b4 48. e6+ Ke8 49. f7+ Ke7 50. d6+ Kxd6 51. f8=Q+ Kd5 52. Qd8+ Kc6 53.
Qc8+ Kb5 54. b3 bxc3 55. Qc4# 1-0

[Event "SUI-ch U12"]
[Site "Kreuzlingen"]
[Date "2016.06.30"]
[Round "1.6"]
[White "Kannan, Ritish"]
[Black "Villanyi, Alexia"]
[Result "1/2-1/2"]
[WhiteElo "1516"]
[BlackElo "1668"]
[PlyCount "56"]
[EventDate "2016.??.??"]

1. d4 Nf6 2. c4 g6 3. Nf3 Bg7 4. g3 c6 5. Nc3 O-O 6. Bg2 d6 7. O-O Nbd7 8. Re1
c5 9. e4 a5 10. h3 Qc7 11. b3 cxd4 12. Nxd4 Nc5 13. Bb2 Rb8 14. Rb1 Bd7 15. Nd5
Nxd5 16. exd5 e5 17. dxe6 Nxe6 18. Nxe6 fxe6 19. Bxg7 Kxg7 20. Qd2 Rbd8 21.
Rbd1 Bc8 22. Re3 Qc5 23. Rd3 Kg8 24. Qe3 Qc7 25. Qd2 Qc5 26. Qe3 Qc7 27. Qd2
Qc5 28. Qe3 Qc7 1/2-1/2

[Event "SUI-ch U12"]
[Site "Kreuzlingen"]
[Date "2016.06.30"]
[Round "1.7"]
[White "Stijve, Niels"]
[Black "Python, Noe"]
[Result "1-0"]
[WhiteElo "1662"]
[BlackElo "1502"]
[PlyCount "135"]
[EventDate "2016.??.??"]

1. e4 d6 2. d4 Nf6 3. Nc3 Nbd7 4. Nf3 e5 5. Be3 Be7 6. Bc4 O-O 7. O-O c6 8. a4
b6 9. Bb3 a6 10. Qd3 Bb7 11. d5 cxd5 12. Nxd5 Bxd5 13. Bxd5 Nxd5 14. Qxd5 Qc7
15. Qb3 Qc6 16. Nd2 Rfc8 17. c3 Nc5 18. Qc2 b5 19. axb5 axb5 20. c4 Rxa1 21.
Rxa1 Nd7 22. b3 Nb6 23. Ra6 Bd8 24. Qa2 bxc4 25. Nxc4 Qxe4 26. f3 Qh4 27. Bf2
Qh6 28. Bxb6 Be7 29. Be3 Qg6 30. Nxe5 Qf5 31. Nc6 Qe6 32. Nxe7+ Qxe7 33. Qd2
Re8 34. Bg5 f6 35. Bh4 Rd8 36. Bg3 d5 37. Qd4 Qb7 38. Qb6 Qc8 39. Qe6+ Qxe6 40.
Rxe6 Kf7 41. Rd6 Rxd6 42. Bxd6 Ke6 43. Bc5 Kd7 44. Kf2 Kc6 45. b4 g6 46. Ke3 g5
47. Be7 Kb5 48. Kd4 h6 49. Kxd5 f5 50. Ke5 f4 51. Kf5 Kc4 52. Kg6 Kb5 53. Kxh6
g4 54. fxg4 f3 55. gxf3 Kc6 56. g5 Kd7 57. g6 Kc6 58. g7 Kb5 59. g8=Q Kc6 60.
Qe8+ Kb6 61. Qc8 Kb5 62. Qc5+ Ka4 63. b5 Kb3 64. Qc1 Ka2 65. Qa3+ Kb1 66. Qc3
Ka2 67. Qb4 Ka1 68. Bf6+ 1-0

[Event "SUI-ch U12"]
[Site "Kreuzlingen"]
[Date "2016.06.30"]
[Round "1.8"]
[White "Monnier, Shakil"]
[Black "Babineca, Darja"]
[Result "1/2-1/2"]
[WhiteElo "1453"]
[BlackElo "1755"]
[PlyCount "87"]
[EventDate "2016.??.??"]

1. Nf3 Nf6 2. b3 g6 3. Bb2 Bg7 4. e3 O-O 5. c4 d6 6. Be2 e5 7. d3 e4 8. dxe4
Nxe4 9. Bxg7 Kxg7 10. Qd4+ Qf6 11. Qxf6+ Kxf6 12. Bd3 Bf5 13. Bxe4 Bxe4 14. Nc3
Bxf3 15. gxf3 Na6 16. Rd1 Rfd8 17. Rg1 c6 18. Ne4+ Ke7 19. Nc3 Ke6 20. e4 Nc7
21. Ke2 d5 22. Ke3 Rd7 23. Ne2 Rad8 24. Nd4+ Kf6 25. Rd2 dxc4 26. bxc4 c5 27.
Nb3 b6 28. Rgd1 Rxd2 29. Rxd2 Rxd2 30. Kxd2 Ke5 31. Ke3 Ne6 32. a4 Nf4 33. a5
Ng2+ 34. Ke2 Kf4 35. Nc1 Ke5 36. axb6 axb6 37. Kd3 Ne1+ 38. Ke3 Nc2+ 39. Kd3
Nb4+ 40. Ke3 Nc6 41. Nd3+ Kd6 42. f4 f6 43. f3 h6 44. h4 1/2-1/2

[Event "SUI-ch U12"]
[Site "Kreuzlingen"]
[Date "2016.07.01"]
[Round "2.1"]
[White "Cordey, Colin"]
[Black "Fecker, Noah"]
[Result "0-1"]
[WhiteElo "1761"]
[BlackElo "1976"]
[PlyCount "106"]
[EventDate "2016.??.??"]

1. d4 Nf6 2. Nf3 c5 3. e3 d5 4. b3 Nc6 5. Bb2 Bg4 6. Nbd2 e6 7. h3 Bh5 8. Bd3
Be7 9. O-O O-O 10. a3 a6 11. c4 b6 12. Rc1 dxc4 13. bxc4 Qc7 14. Qb3 Rfd8 15.
Ba1 Rab8 16. Qa4 cxd4 17. exd4 Qb7 18. Rb1 Bg6 19. Bxg6 hxg6 20. Qb3 Qd7 21.
Qe3 Qd6 22. Rb3 Qc7 23. Rc1 Bd6 24. Rd3 Bf4 25. Qe2 Re8 26. Re1 Rbd8 27. Nb3
Bd6 28. Nbd2 Na5 29. Rc1 Nd5 30. Qf1 Nf4 31. Re3 Nh5 32. Bb2 Bf4 33. Re2 Nf6
34. Qe1 Nc6 35. g3 Bd6 36. Kg2 Qb7 37. Kh2 Qb8 38. Kg2 Re7 39. Rc3 Red7 40. Nb3
Qb7 41. Kh2 a5 42. Rc1 Bb8 43. Re3 Ne7 44. Rc2 Nf5 45. Ree2 Qxf3 46. Rc3 Qa8
47. Rd3 a4 48. Nc1 Nxd4 49. Qc3 Nxe2 50. Rxd7 Nxc3 51. Rxd8+ Kh7 52. Bxc3 Bxg3+
53. fxg3 Qxd8 0-1

[Event "SUI-ch U12"]
[Site "Kreuzlingen"]
[Date "2016.07.01"]
[Round "2.2"]
[White "Schlegel, Igor"]
[Black "Binz, Lennox"]
[Result "1-0"]
[WhiteElo "1830"]
[BlackElo "1669"]
[PlyCount "41"]
[EventDate "2016.??.??"]

1. e4 c5 2. Nc3 a6 3. f4 b5 4. g3 Bb7 5. Bg2 e6 6. d3 Nc6 7. Nf3 Be7 8. O-O h5
9. h3 d6 10. Qe1 Qd7 11. Be3 Bd8 12. Qf2 Bb6 13. e5 b4 14. Ne4 Nd4 15. Nxd6+
Kd8 16. Nxb7+ Kc8 17. Nxd4 cxd4 18. Bd2 Ra7 19. Nd6+ Kc7 20. Bxb4 a5 21. Ba3
1-0

[Event "SUI-ch U12"]
[Site "Kreuzlingen"]
[Date "2016.07.01"]
[Round "2.3"]
[White "Tamrazyan, Gohar"]
[Black "Stijve, Niels"]
[Result "1-0"]
[WhiteElo "1727"]
[BlackElo "1662"]
[PlyCount "63"]
[EventDate "2016.??.??"]

1. e4 e5 2. Nf3 Nc6 3. d4 exd4 4. Bc4 Nf6 5. e5 d5 6. Bb5 Ne4 7. Nxd4 Bd7 8.
Bxc6 Bxc6 9. Nxc6 bxc6 10. O-O Bc5 11. Qe2 Rb8 12. c3 Qe7 13. b4 Bb6 14. Be3 a5
15. Bxb6 cxb6 16. a3 O-O 17. f3 Nd6 18. Nd2 Nb5 19. Qe3 Rfd8 20. a4 Nc7 21.
bxa5 bxa5 22. Rab1 Ne6 23. Nb3 Qa3 24. Nxa5 Qxa4 25. Nb7 Re8 26. Ra1 Qh4 27.
Nd6 Red8 28. Nf5 Qc4 29. Ra7 f6 30. exf6 d4 31. cxd4 gxf6 32. Qh6 1-0

[Event "SUI-ch U12"]
[Site "Kreuzlingen"]
[Date "2016.07.01"]
[Round "2.4"]
[White "Villanyi, Alexia"]
[Black "Tschopp, Olivier"]
[Result "0-1"]
[WhiteElo "1668"]
[BlackElo "1566"]
[PlyCount "64"]
[EventDate "2016.??.??"]

1. e4 e5 2. Nf3 Nc6 3. Nc3 Nf6 4. Bb5 Bc5 5. O-O d6 6. h3 Bd7 7. d3 h6 8. Ne2
O-O 9. a4 a6 10. Bxc6 Bxc6 11. Ng3 Bd7 12. c3 Re8 13. Re1 b5 14. b4 Bb6 15. a5
Ba7 16. d4 exd4 17. cxd4 Re7 18. Bf4 Rc8 19. Rc1 Qe8 20. Qd3 Be6 21. d5 Bd7 22.
e5 dxe5 23. Bxe5 Nh7 24. Bf4 Ng5 25. Rxe7 Qxe7 26. Nxg5 hxg5 27. Bxc7 Qxb4 28.
Nf5 Bxf2+ 29. Kxf2 Rxc7 30. Ne7+ Kf8 31. Re1 Qh4+ 32. Qg3 Rc2+ 0-1

[Event "SUI-ch U12"]
[Site "Kreuzlingen"]
[Date "2016.07.01"]
[Round "2.5"]
[White "Babineca, Darja"]
[Black "Kannan, Ritish"]
[Result "1-0"]
[WhiteElo "1755"]
[BlackElo "1516"]
[PlyCount "87"]
[EventDate "2016.??.??"]

1. e4 d5 2. exd5 Qxd5 3. Nc3 Qd6 4. d4 Nf6 5. Bc4 g6 6. Nge2 Bg7 7. Bf4 Qc6 8.
Bb5 O-O 9. Bxc6 Nxc6 10. Qd2 Bf5 11. Ng3 Be6 12. Rd1 Rfd8 13. Be3 Rd7 14. O-O
Rad8 15. Qe2 Nxd4 16. Bxd4 Rxd4 17. Rxd4 Rxd4 18. Rd1 Rc4 19. Nd5 Nxd5 20. Qxc4
Ne3 21. Rd8+ Bf8 22. Qxc7 Nd5 23. Qb8 Nf6 24. Rxf8+ Kg7 25. Rd8 Nd7 26. Qxb7
Ne5 27. Ra8 Nd7 28. Rxa7 f6 29. Qxd7 Bxd7 30. Rxd7 Kf7 31. a4 Ke6 32. Rd3 f5
33. a5 f4 34. a6 fxg3 35. a7 gxf2+ 36. Kxf2 g5 37. a8=Q g4 38. Qe4+ Kf6 39.
Qxg4 e5 40. Rd6+ Ke7 41. Qd7+ Kf8 42. Rf6+ Kg8 43. Qf7+ Kh8 44. Qf8# 1-0

[Event "SUI-ch U12"]
[Site "Kreuzlingen"]
[Date "2016.07.01"]
[Round "2.6"]
[White "Kostina, Veronika"]
[Black "Monnier, Shakil"]
[Result "1-0"]
[WhiteElo "1635"]
[BlackElo "1453"]
[PlyCount "35"]
[EventDate "2016.??.??"]

1. e4 e5 2. Nf3 Nc6 3. Bb5 a6 4. Ba4 Nf6 5. d4 exd4 6. Bxc6 dxc6 7. e5 Nd5 8.
Qxd4 h6 9. O-O Be6 10. a3 Be7 11. Nc3 c5 12. Qd3 Qd7 13. Nxd5 Qxd5 14. Be3 Qxd3
15. cxd3 O-O-O 16. d4 cxd4 17. Nxd4 f6 18. Nxe6 1-0

[Event "SUI-ch U12"]
[Site "Kreuzlingen"]
[Date "2016.07.01"]
[Round "2.7"]
[White "Demiraj, Damian"]
[Black "Bounlom, Jannik"]
[Result "0-1"]
[WhiteElo "1565"]
[BlackElo "1817"]
[PlyCount "100"]
[EventDate "2016.??.??"]

1. e4 e5 2. Nf3 Nc6 3. d4 exd4 4. Nxd4 Qf6 5. Nb5 Bc5 6. Be3 Bxe3 7. fxe3 Qh4+
8. Kd2 Qd8 9. Qg4 g6 10. N1c3 a6 11. Nd4 b5 12. a4 b4 13. Nd5 Nf6 14. Nxf6+
Qxf6 15. c3 O-O 16. Nf5 d5 17. Nh6+ Kg7 18. Nf5+ Kh8 19. Qf4 gxf5 20. exf5
bxc3+ 21. bxc3 Qxf5 22. Bd3 Qxf4 23. exf4 Rd8 24. f5 d4 25. c4 Ne5 26. g4 Nxg4
27. Rhg1 Nxh2 28. Be2 d3 29. Bh5 Bb7 30. Rg3 Rg8 31. Rxd3 Rg2+ 32. Kc3 Ng4 33.
Bxf7 Ne5 34. Bd5 Bxd5 35. Rxd5 Rg3+ 36. Kb4 Rb8+ 37. Kc5 Nd3+ 38. Kd4 c5+ 39.
Kc3 Nf4+ 40. Kc2 Nxd5 41. cxd5 Re8 42. Rd1 Rf3 43. d6 Rxf5 44. d7 Rd8 45. Kc3
Rf7 46. Kc4 Rfxd7 47. Kxc5 Rxd1 48. Kb4 a5+ 49. Kxa5 Rb1 50. Ka6 Ra8# 0-1

[Event "SUI-ch U12"]
[Site "Kreuzlingen"]
[Date "2016.07.01"]
[Round "2.8"]
[White "Python, Noe"]
[Black "Peter, Yul"]
[Result "1-0"]
[WhiteElo "1502"]
[BlackElo "1606"]
[PlyCount "83"]
[EventDate "2016.??.??"]

1. e4 e5 2. Nf3 Nc6 3. d4 exd4 4. Nxd4 Nxd4 5. Qxd4 d6 6. Bc4 Nf6 7. Nc3 Be6 8.
Bg5 Be7 9. O-O-O O-O 10. h4 h6 11. Be3 Ng4 12. Bxe6 fxe6 13. g3 c5 14. Qc4 Qc8
15. Qe2 Nxe3 16. Qxe3 a6 17. e5 d5 18. Qd2 Qc7 19. f4 b5 20. Rhe1 b4 21. Nxd5
exd5 22. Qxd5+ Kh8 23. Qd7 Qxd7 24. Rxd7 Rfe8 25. Red1 Rad8 26. Ra7 Rxd1+ 27.
Kxd1 Rd8+ 28. Ke2 Bf8 29. Rxa6 Rc8 30. a4 bxa3 31. bxa3 c4 32. c3 Rd8 33. e6
Rd6 34. Rxd6 Bxd6 35. a4 Bc5 36. Kf3 g6 37. Ke4 Kg7 38. Kd5 Bf2 39. Kd6 Bxg3
40. Kd7 Bxh4 41. a5 g5 42. e7 1-0

[Event "SUI-ch U12"]
[Site "Kreuzlingen"]
[Date "2016.07.01"]
[Round "3.1"]
[White "Fecker, Noah"]
[Black "Schlegel, Igor"]
[Result "1-0"]
[WhiteElo "1976"]
[BlackElo "1830"]
[PlyCount "79"]
[EventDate "2016.??.??"]

1. e4 e5 2. Nf3 Nc6 3. Bb5 a6 4. Ba4 Nf6 5. d3 b5 6. Bb3 Be7 7. O-O d6 8. c3
O-O 9. Re1 Re8 10. a4 Rb8 11. Nbd2 Bf8 12. Nf1 g6 13. Ng3 Bg7 14. h3 b4 15. Be3
Bb7 16. Ng5 d5 17. exd5 Na5 18. c4 Nxb3 19. Qxb3 c6 20. dxc6 Bxc6 21. a5 Nd7
22. N5e4 Nf8 23. Bb6 Qh4 24. Qxb4 Ne6 25. Qd6 Ba8 26. Nc3 Bxg2 27. Kxg2 Rbd8
28. Bxd8 Rxd8 29. Qc6 Nf4+ 30. Kg1 Nxh3+ 31. Kf1 Rxd3 32. Qe4 Qf6 33. Qa8+ Rd8
34. Qg2 Nf4 35. Qf3 Rd3 36. Re3 Qe6 37. Rxd3 Qxc4 38. Rad1 f5 39. Nce2 Nxd3 40.
Qxd3 1-0

[Event "SUI-ch U12"]
[Site "Kreuzlingen"]
[Date "2016.07.01"]
[Round "3.2"]
[White "Tschopp, Olivier"]
[Black "Babineca, Darja"]
[Result "1/2-1/2"]
[WhiteElo "1566"]
[BlackElo "1755"]
[PlyCount "62"]
[EventDate "2016.??.??"]

1. e4 e5 2. Nf3 Nf6 3. Nc3 Bb4 4. Bc4 Nc6 5. a3 Bxc3 6. dxc3 h6 7. O-O O-O 8.
Re1 d6 9. h3 Be6 10. Bd3 Re8 11. Be3 d5 12. exd5 Bxd5 13. Bb5 a6 14. Bxc6 Bxc6
15. Qe2 Nd5 16. Rad1 Qe7 17. Bc1 f6 18. Qc4 Qf7 19. Qg4 g5 20. Nh2 Rad8 21. Nf1
h5 22. Qc4 Nf4 23. Qxf7+ Kxf7 24. Ne3 Be4 25. Nc4 Ne6 26. Ne3 Nf4 27. Nc4 Ne6
28. Ne3 Nf4 29. Nc4 Ne6 30. Ne3 Nf4 31. Nc4 Ne6 1/2-1/2

[Event "SUI-ch U12"]
[Site "Kreuzlingen"]
[Date "2016.07.01"]
[Round "3.3"]
[White "Bounlom, Jannik"]
[Black "Tamrazyan, Gohar"]
[Result "1/2-1/2"]
[WhiteElo "1817"]
[BlackElo "1727"]
[PlyCount "152"]
[EventDate "2016.??.??"]

1. e4 e6 2. d4 d5 3. Nd2 dxe4 4. Nxe4 Nd7 5. Nf3 Ngf6 6. Nxf6+ Nxf6 7. Bg5 Be7
8. Bd3 O-O 9. O-O Nd5 10. Bxe7 Qxe7 11. c4 Nf6 12. Re1 Qd6 13. c5 Qf4 14. Ne5
Rd8 15. Nf3 Bd7 16. g3 Qg4 17. Ne5 Qh3 18. Bf1 Qf5 19. Bg2 Rab8 20. Qb3 Bc6 21.
Bxc6 bxc6 22. Qa3 Ng4 23. Nxg4 Qxg4 24. b3 Qxd4 25. Qxa7 Rbc8 26. Rac1 Qb2 27.
Rcd1 Rd2 28. Qa6 Rcd8 29. Rxd2 Qxd2 30. Rf1 Qd5 31. Qa5 Rd7 32. a4 h6 33. Qc3
Qd3 34. Qxd3 Rxd3 35. Rb1 Rc3 36. a5 Rxc5 37. b4 Rb5 38. a6 Rb8 39. Ra1 Ra8 40.
Kf1 Kf8 41. Ke2 Ke7 42. Kd3 Kd6 43. Kc4 Ra7 44. Rd1+ Ke5 45. f4+ Kf6 46. Ra1
Ke7 47. b5 cxb5+ 48. Kxb5 Kd7 49. Rb1 Kc8 50. Ka5 Ra8 51. h3 g5 52. Rb4 f5 53.
h4 gxh4 54. gxh4 Kd7 55. Rb7 Kc6 56. h5 Rd8 57. Rb4 Rd5+ 58. Ka4 Rd1 59. Rc4+
Kb6 60. Kb3 Kxa6 61. Rxc7 Rh1 62. Rc6+ Kb5 63. Rxe6 Rxh5 64. Re5+ Kc6 65. Kc4
Kd6 66. Kd4 Kd7 67. Kd5 Rh1 68. Rxf5 h5 69. Ke4 Ke6 70. Re5+ Kf6 71. Kf3 Rf1+
72. Kg3 h4+ 73. Kg4 Rh1 74. Rh5 h3 75. Rxh3 Rxh3 76. Kxh3 Kf5 1/2-1/2

[Event "SUI-ch U12"]
[Site "Kreuzlingen"]
[Date "2016.07.01"]
[Round "3.4"]
[White "Binz, Lennox"]
[Black "Kostina, Veronika"]
[Result "1/2-1/2"]
[WhiteElo "1669"]
[BlackElo "1635"]
[PlyCount "91"]
[EventDate "2016.??.??"]

1. e4 c5 2. c3 e6 3. d4 d5 4. e5 Ne7 5. Nf3 Ng6 6. h4 cxd4 7. cxd4 Bb4+ 8. Nc3
h6 9. h5 Ne7 10. a3 Bxc3+ 11. bxc3 Qc7 12. Qd3 Nd7 13. a4 b6 14. Ba3 Bb7 15.
Bd6 Qc6 16. Qc2 Nf5 17. Bb5 Qc8 18. g4 Nxd6 19. exd6 a6 20. Bxd7+ Qxd7 21. Ne5
Qxd6 22. Rh3 Qc7 23. Rf3 Rf8 24. Qh7 O-O-O 25. Qxg7 f6 26. Qxc7+ Kxc7 27. Ng6
Rf7 28. Ne5 Rff8 29. Ng6 Rf7 30. Ne5 Rff8 31. Nd3 Kd6 32. Re3 Rde8 33. Rb1 Kc6
34. Rb2 Rf7 35. Rbe2 Bc8 36. Rg3 b5 37. a5 Kd6 38. f4 Rg8 39. Reg2 Rfg7 40. Kf2
Rf7 41. Ke3 Rfg7 42. Kf3 Rf7 43. Ke3 Rc7 44. Rc2 Rcg7 45. Rcg2 Rc7 46. Rc2
1/2-1/2

[Event "SUI-ch U12"]
[Site "Kreuzlingen"]
[Date "2016.07.01"]
[Round "3.5"]
[White "Stijve, Niels"]
[Black "Cordey, Colin"]
[Result "0-1"]
[WhiteElo "1662"]
[BlackElo "1761"]
[PlyCount "64"]
[EventDate "2016.??.??"]

1. e4 e6 2. d4 d5 3. Nd2 Nc6 4. Ngf3 Nf6 5. e5 Nd7 6. Nb3 b6 7. Bb5 Bb7 8. Qe2
a6 9. Bd3 Nb4 10. Bd2 Nxd3+ 11. Qxd3 a5 12. a4 Ba6 13. Qc3 Bb4 14. Qc6 Bxd2+
15. Nfxd2 O-O 16. c4 Rb8 17. cxd5 Bb7 18. Qc3 Bxd5 19. O-O Rc8 20. Nc4 Qg5 21.
Ne3 Bb7 22. f4 Qh6 23. Rad1 Rfd8 24. d5 Nf8 25. dxe6 Nxe6 26. Nf5 Qh5 27. Ne7+
Kf8 28. Rxd8+ Rxd8 29. f5 Qg4 30. Qc2 Be4 31. Qf2 Nf4 32. Kh1 Bxg2+ 0-1

[Event "SUI-ch U12"]
[Site "Kreuzlingen"]
[Date "2016.07.01"]
[Round "3.6"]
[White "Kannan, Ritish"]
[Black "Python, Noe"]
[Result "0-1"]
[WhiteElo "1516"]
[BlackElo "1502"]
[PlyCount "56"]
[EventDate "2016.??.??"]

1. d4 d6 2. c4 e5 3. dxe5 dxe5 4. Qxd8+ Kxd8 5. e4 Nf6 6. Nc3 c6 7. Nf3 Nbd7 8.
Bg5 Bd6 9. Rd1 Kc7 10. Be2 h6 11. Bh4 g5 12. Bg3 Re8 13. O-O Bb4 14. Bd3 g4 15.
Nh4 Nc5 16. Rfe1 Bxc3 17. bxc3 Nxd3 18. Rxd3 Kb6 19. Rd6 Ng8 20. Nf5 Kc5 21.
Red1 Bxf5 22. exf5 Kxc4 23. Rd7 Re7 24. Rxe7 Nxe7 25. Bxe5 Nxf5 26. g3 Re8 27.
Re1 f6 28. Re4+ Kd5 0-1

[Event "SUI-ch U12"]
[Site "Kreuzlingen"]
[Date "2016.07.01"]
[Round "3.7"]
[White "Monnier, Shakil"]
[Black "Villanyi, Alexia"]
[Result "0-1"]
[WhiteElo "1453"]
[BlackElo "1668"]
[PlyCount "92"]
[EventDate "2016.??.??"]

1. Nf3 Nc6 2. d4 d5 3. c4 e6 4. Nc3 a6 5. Bf4 Nf6 6. e3 Bb4 7. Bd3 dxc4 8. Bxc4
Ne4 9. Qc2 Nxc3 10. bxc3 Bd6 11. Bxd6 cxd6 12. Bd3 f5 13. O-O g5 14. h3 h5 15.
h4 gxh4 16. e4 Qf6 17. exf5 exf5 18. Rfe1+ Ne7 19. Re2 b5 20. Rae1 Ra7 21. c4
Rc7 22. Qb3 Kf8 23. Qb4 Nc6 24. Qb3 Nxd4 25. Nxd4 Qxd4 26. Re8+ Kg7 27. c5 d5
28. R8e5 Rxc5 29. Rxf5 Bxf5 30. Bxf5 Rf8 31. Qf3 Qf6 32. Qxh5 Qxf5 33. Re7+ Kg8
34. Qh6 Qxf2+ 35. Kh1 Qf1+ 36. Kh2 Qf4+ 37. Qxf4 Rxf4 38. Re8+ Kf7 39. Ra8 Ra4
40. Ra7+ Kg6 41. Rb7 Rxa2 42. Rb6+ Kg5 43. Re6 Rcc2 44. Re5+ Kf4 45. Rxd5 Rxg2+
46. Kh3 Rh2# 0-1

[Event "SUI-ch U12"]
[Site "Kreuzlingen"]
[Date "2016.07.01"]
[Round "3.8"]
[White "Peter, Yul"]
[Black "Demiraj, Damian"]
[Result "0-1"]
[WhiteElo "1606"]
[BlackElo "1565"]
[PlyCount "142"]
[EventDate "2016.??.??"]

1. e4 e5 2. Bc4 Nf6 3. Nc3 Nxe4 4. Bxf7+ Kxf7 5. Nxe4 d5 6. Nc3 c6 7. Qh5+ Ke6
8. Nf3 Bd6 9. Ng5+ Kd7 10. Nf3 Na6 11. Qf7+ Qe7 12. Qxe7+ Kxe7 13. d3 Nb4 14.
Kd1 Bg4 15. Rg1 Kf7 16. a3 Na6 17. h3 Bxf3+ 18. gxf3 Rhf8 19. Ke2 Rae8 20. Be3
Bb8 21. Bd2 Nc5 22. b4 Ne6 23. Rg4 Nd4+ 24. Kd1 Nxf3 25. Ne2 Kg8 26. Bc3 d4 27.
Bb2 h6 28. Rg2 Rf7 29. Ng3 Bc7 30. Ne4 Ng5 31. Nxg5 hxg5 32. Ke2 Rf5 33. Rag1
Bd8 34. h4 gxh4 35. Rxg7+ Kh8 36. R7g6 Rh5 37. Kf3 Rh7 38. Kg4 Rg7 39. Kh5 Reg8
40. Rh6+ Rh7 41. Rxh7+ Kxh7 42. Rxg8 Kxg8 43. Kg4 Kf7 44. f4 Ke6 45. f5+ Kd6
46. c3 c5 47. b5 Kc7 48. c4 Kb6 49. Bc1 a6 50. bxa6 Kxa6 51. Bd2 b5 52. Be1
bxc4 53. dxc4 d3 54. Bd2 Kb7 55. a4 Kc6 56. a5 e4 57. Kh3 Kd6 58. Bf4+ Kd7 59.
Kg2 Bxa5 60. Kf2 Ke7 61. Bg5+ Kd6 62. Bxh4 Ke5 63. f6 Bd8 64. Bg3+ Kd4 65. f7
Be7 66. Bf4 Kxc4 67. Bh6 Kc3 68. Ke1 Kc2 69. Be3 Bf8 70. Bf4 c4 71. Be3 c3 0-1

[Event "SUI-ch U12"]
[Site "Kreuzlingen"]
[Date "2016.07.01"]
[Round "4.1"]
[White "Babineca, Darja"]
[Black "Fecker, Noah"]
[Result "0-1"]
[WhiteElo "1755"]
[BlackElo "1976"]
[PlyCount "128"]
[EventDate "2016.??.??"]

1. e4 c5 2. Nf3 e6 3. d3 d5 4. Nbd2 Nc6 5. g3 Nf6 6. Bg2 Bd6 7. O-O O-O 8. Re1
Qc7 9. Qe2 dxe4 10. dxe4 e5 11. c3 a6 12. Nf1 b5 13. Ne3 Ne7 14. b3 Bb7 15. Nd2
Rfd8 16. Bb2 Rd7 17. Rad1 Rad8 18. Nc2 Nc6 19. Nf1 Bf8 20. Nce3 g6 21. Rxd7
Rxd7 22. Rd1 Bh6 23. Ng4 Nxg4 24. Qxg4 Rxd1 25. Qxd1 Qd8 26. Qxd8+ Nxd8 27. Ne3
Bxe3 28. fxe3 f6 29. g4 Ne6 30. h4 Kf7 31. Kf2 Ke7 32. Ba3 Kd6 33. Bf3 Nd8 34.
Ke2 Kc6 35. Kd3 Kb6 36. Bb2 Nf7 37. c4 Bc8 38. Bc3 Kc6 39. a3 bxc4+ 40. Kxc4
Be6+ 41. Kd3 Bxb3 42. Be2 Nd6 43. Bf3 Ba2 44. Kc2 Bc4 45. Kd2 Bb5 46. g5 fxg5
47. hxg5 Nf7 48. Be2 Kd6 49. a4 Bxe2 50. Kxe2 Nxg5 51. Kd3 h5 52. Be1 Ne6 53.
Bg3 g5 54. Ke2 h4 55. Be1 Ke7 56. Kf3 Kf6 57. Bc3 Nf8 58. Ba5 Nd7 59. Kg4 Kg6
60. Bc3 Nf6+ 61. Kf3 g4+ 62. Ke2 Nxe4 63. Bxe5 h3 64. Kf1 g3 0-1